Southville International School and Colleges
Your cart is empty.
  • Cart
  • Lists
    Public lists Eva Luna New books Lux_list list_1
    Your lists Log in to create your own lists
  • Log in to your account
  • Your cookies
  • Search history
Southville International School and Colleges
  • Advanced search
  • Recent comments
  • Most popular
  • Libraries

Log in to your account

Log in with GOOGLE


If you do not have an external account, but do have a local account, you can still log in:

  1. Home
  2. MARC view: The entrepreneur's information sourcebook :
Normal view MARC view ISBD view

The entrepreneur's information sourcebook : (Record no. 275896)

[ view plain ]
MARC details
000 -LEADER
fixed length control field 01605cam a22003374a 4500
001 - CONTROL NUMBER
control field 14196790
005 - DATE AND TIME OF LATEST TRANSACTION
control field 20140926100547.0
008 - FIXED-LENGTH DATA ELEMENTS--GENERAL INFORMATION
fixed length control field 051212s2006 ctua b 001 0 eng
010 ## - LIBRARY OF CONGRESS CONTROL NUMBER
LC control number 2005036162
015 ## - NATIONAL BIBLIOGRAPHY NUMBER
National bibliography number GBA623694
Source bnb
016 7# - NATIONAL BIBLIOGRAPHIC AGENCY CONTROL NUMBER
Record control number 013403747
Source Uk
020 ## - INTERNATIONAL STANDARD BOOK NUMBER
International Standard Book Number 1591582423 (pbk. : alk. paper)
035 ## - SYSTEM CONTROL NUMBER
System control number (OCoLC)ocm62593622
040 ## - CATALOGING SOURCE
Original cataloging agency DLC
Transcribing agency DLC
Modifying agency YDX
-- UKM
-- BAKER
-- IXA
-- DLC
042 ## - AUTHENTICATION CODE
Authentication code pcc
050 00 - LIBRARY OF CONGRESS CALL NUMBER
Classification number HD 62.5
Item number .Aw96 2006
082 00 - DEWEY DECIMAL CLASSIFICATION NUMBER
Classification number 658.02/2
100 1# - MAIN ENTRY--PERSONAL NAME
Personal name Awe, Susan C.,
Dates associated with a name 1948-
245 14 - TITLE STATEMENT
Title The entrepreneur's information sourcebook :
Remainder of title charting the path to small business success /
Statement of responsibility, etc Susan C. Awe.
260 ## - PUBLICATION, DISTRIBUTION, ETC. (IMPRINT)
Place of publication, distribution, etc Westport, Conn. :
Name of publisher, distributor, etc Libraries Unlimited,
Date of publication, distribution, etc c2006.
300 ## - PHYSICAL DESCRIPTION
Extent xiii, 245 pages :
Other physical details illustrations ;
Dimensions 24 cm.
504 ## - BIBLIOGRAPHY, ETC. NOTE
Bibliography, etc Includes bibliographical references and index.
505 0# - FORMATTED CONTENTS NOTE
Formatted contents note Are you an entrepreneur? -- Research, statistics, and information gathering -- Start-up -- Your business plan -- Ups and downs of franchising -- Raising capital -- Marketing and advertising --Management -- Personnel/human resources -- Legal/taxes -- Working with the government -- Competitive analysis -- Growing your business and moving on.
521 ## - TARGET AUDIENCE NOTE
Target audience note Business Administration
650 #0 - SUBJECT ADDED ENTRY--TOPICAL TERM
Topical term or geographic name as entry element New business enterprises.
650 #0 - SUBJECT ADDED ENTRY--TOPICAL TERM
Topical term or geographic name as entry element Entrepreneurship.
856 41 - ELECTRONIC LOCATION AND ACCESS
Materials specified Table of contents only
Uniform Resource Identifier <a href="http://www.loc.gov/catdir/toc/ecip065/2005036162.html">http://www.loc.gov/catdir/toc/ecip065/2005036162.html</a>
906 ## - LOCAL DATA ELEMENT F, LDF (RLIN)
a 7
b cbc
c orignew
d 1
e ecip
f 20
g y-gencatlg
942 ## - ADDED ENTRY ELEMENTS (KOHA)
Source of classification or shelving scheme Library of Congress Classification
Koha item type Books
Call number prefix Foreign
Holdings
Withdrawn status Lost status Source of classification or shelving scheme Damaged status Home library Current library Shelving location Date acquired Source of acquisition Total Checkouts Full call number Barcode Date last seen Copy number Price effective from Koha item type Cost, normal purchase price
    Library of Congress Classification   College Library College Library General Circulation Section 01/28/2008 Donation   HD 62.5 .Aw96 2006 C9108 05/15/2018 1 10/18/2013 Books  
    Library of Congress Classification   College Library College Library General Circulation Section 09/26/2014 Library Fund   HD 62.5 .Aw96 2006 C18682 05/15/2018   09/26/2014 Books 2620.00

The entrepreneur's information sourcebook :

APA

Awe S. C., . (2006). The entrepreneur's information sourcebook. Westport, Conn: Libraries Unlimited.

Chicago

Awe Susan C, . 2006. The entrepreneur's information sourcebook. Westport, Conn: Libraries Unlimited.

Harvard

Awe S. C., . (2006). The entrepreneur's information sourcebook. Westport, Conn: Libraries Unlimited.

MLA

Awe Susan C, . The entrepreneur's information sourcebook. Westport, Conn: Libraries Unlimited. 2006.

  • Place hold
  • Print
  • Cite
  • Add to your cart (remove)
  • Save record
    BIBTEX Dublin Core MARCXML MARC (non-Unicode/MARC-8) MARC (Unicode/UTF-8) MARC (Unicode/UTF-8, Standard) MODS (XML) RIS
  • More searches
    Search for this title in:
    Other Libraries (WorldCat) Other Databases (Google Scholar) Online Stores (Bookfinder.com) Open Library (openlibrary.org)

Exporting to Dublin Core...

SOUTHVILLE LIBRARY

Southville International School and Colleges Library

1281 Tropical Ave. Cor. Luxembourg St., BF Homes International, Las Pinas City

Tel. No. 8256374 / 252358 Loc. 117/146

Powered by Koha